La vida que pasa (Record no. 132702)

MARC details
000 -LEADER
campo de control de longitud fija 00685nam a2200205 i 4500
001 - NÚMERO DE CONTROL
campo de control 132702
003 - IDENTIFICADOR DE NÚMERO DE CONTROL
campo de control ES-MaACL
005 - FECHA Y HORA DE LA ÚLTIMA TRANSACCIÓN
campo de control 20260114132520.0
007 - CAMPO FIJO DE DESCRIPCIÓN FÍSICA--INFORMACIÓN GENERAL
campo de control de longitud fija t|
008 - DATOS DE LONGITUD FIJA--INFORMACIÓN GENERAL
campo de control de longitud fija 070214s1921 sp |||| | spa d
100 1# - ENTRADA PRINCIPAL--NOMBRE DE PERSONA
Nombre de persona Romera-Navarro, Miguel.
9 (RLIN) 99294
245 13 - MENCIÓN DEL TÍTULO
Título La vida que pasa
Resto del título : (cuentos y ensayos) /
Mención de responsabilidad, etc. por M. Romera-Navarro.
260 ## - PUBLICACIÓN, DISTRIBUCIÓN, ETC.
Lugar de publicación, distribución, etc. Madrid :
Nombre del editor, distribuidor, etc. Librería de Victoriano Suárez,
Fecha de publicación, distribución, etc. 1921 (
Fabricante Imp. Clásica Española)
300 ## - DESCRIPCIÓN FÍSICA
Extensión 310 p. ;
Dimensiones 19 x 12 cm.
530 ## - NOTA DISPONIBLE DE FORMULARIO FÍSICO ADICIONAL
Nota de formato físico adicional disponible Disponible en formato digital.
852 ## - LOCALIZACIÓN
Ubicación ES-MaACL
Número de control de estantería F-7704
Ubicación en estantería Depósito 2
856 4# - LOCALIZACIÓN Y ACCESO ELECTRÓNICOS
Identificador Uniforme de Recursos <a href="https://archive.org/details/lavidaquepasacue00rome ">https://archive.org/details/lavidaquepasacue00rome </a>
Texto de enlace (Internet Archive)
942 ## - ELEMENTOS DE ENTRADA SECUNDARIOS (KOHA)
Fuente del sistema de clasificación o colocación Clasificación decimal universal
Holdings
Estatus retirado Estado de pérdida Estado de daño No para préstamo Colección Biblioteca de origen Biblioteca actual Ubicación en estantería Fecha de adquisición Fuente de adquisición Total de préstamos Signatura topográfica completa Código de barras Visto por última vez Precio de reemplazo Tipo de ítem Koha
        Colección digital Biblioteca del Ateneo de Madrid Biblioteca del Ateneo de Madrid Sala Pecera Planta 2 17/01/2008     F-7704 1138153 23/02/2023 23/02/2023 Libro impreso